Sports Quiz

Random Sports Quiz

Home Run Derby participants, 2006-2015 Quiz Stats

 Plays Quiz not verified by Sporcle

Challenge
Share
Tweet
Embed
Score 0/55 Timer 10:00
0 Plays Today
Answer % Correct
Todd Frazier
67.9%
David Ortiz
66.6%
Bryce Harper
64.3%
Prince Fielder
58.7%
Albert Pujols
58.1%
MIguel Cabrera
52.7%
Josh Hamilton
51.6%
Jose Bautista
51.5%
Giancarlo Stanton
49.9%
Robinson Cano
49.7%
Yoenis Cespedes
49.4%
Adrian Gonzalez
47.9%
Carlos Gonzalez
46.1%
Chris Davis
44.9%
Ryan Howard
43.2%
Ryan Braun
43.1%
Josh Donaldson
39.6%
Nelson Cruz
37%
Matt Kemp
36%
David Wright
35.8%
Hanley Ramirez
35.7%
Joc Pederson
34.1%
Troy Tulowitzki
33.6%
Carlos Beltran
32.6%
Anthony Rizzo
32.4%
Adam Jones
32.2%
Kris Bryant
31.7%
Andrew McCutchen
31%
Answer % Correct
Yasiel Puig
30.9%
Matt Holliday
29.5%
Manny Machado
28.3%
Evan Longoria
27.4%
Brandon Inge
26.6%
Mark Trumbo
25.7%
Rickie Weeks
25.2%
Chase Utley
24.7%
Justin Morneau
22.6%
Joe Mauer
21.8%
Vladimir Guerrero
17.8%
Pedro Alvarez
16.3%
Lance Berkman
14.1%
Dan Uggla
12.3%
Chris Young
12%
Carlos Pena
11.5%
Miguel Tejada
11.5%
Nick Swisher
9.8%
Vernon Wells
8.6%
Magglio Ordonez
8.6%
Jermaine Dye
8.4%
Michael Cuddyer
8.2%
Grady Sizemore
7.7%
Brian Dozier
7.5%
Corey Hart
7.5%
Alex Rios
6.5%
Troy Glaus
5.8%

You're not logged in!

Compare scores with friends on all Sporcle quizzes.
OR
Log In

You Might Also Like...

Show Comments

Extras

Created Jun 7, 2016ReportNominate
Tags:derby, home, last, participant, run

Top Quizzes Today


Score Distribution

Your Account Isn't Verified!

In order to create a playlist on Sporcle, you need to verify the email address you used during registration. Go to your Sporcle Settings to finish the process.

Report this User

Report this user for behavior that violates our Community Guidelines.

Details: